Guess The Brand! #24 - Statistics

General Stats
  • This quiz has been taken 47 times
  • The average score is 21 of 70
Answer Stats
Picture Answer % Correct
Route 66
74%
Playstation 3
72%
Hannah Montana
67%
Milky Way
67%
ISO
58%
ITU
56%
No Parking
56%
Vanish
56%
Daffy Duck
53%
Dicks
51%
Hogwarts
49%
Act II
47%
Compact Disc
47%
IEC
47%
Persol
47%
AVM
44%
Charmin
44%
Inter Milan
44%
AC Milan
42%
Hollister
40%
Jell O
37%
Sunkist
37%
GQ
35%
Microsoft Edge
35%
OneDrive
33%
The Backyardigans
33%
Agusta
30%
Signal
30%
Treehouse
30%
Domestos
28%
Felix
28%
Bershka
26%
Hurley
26%
Netto
26%
Valvoline
26%
Diablo
23%
Sunoco
23%
Biotherm
21%
Google Talk
21%
Nelvana
21%
Ritter
21%
Snuggle
21%
Breil
19%
Flowmaster
19%
Gold Bond
19%
Nos
19%
Societe
19%
Blackstone
16%
Century 21
16%
Lockheed Martin
16%
MS DOS
16%
Osram
16%
Powerbar
16%
Budget
14%
Four Seasons
14%
Hankook
14%
RKO
14%
Royal Carribean
14%
American Motors
12%
Apache
12%
Banana Republic
12%
Bing Translator
12%
British American Tobacco
12%
Brugal
12%
Cessna
12%
Citrix
12%
Corel
12%
Foxconn
12%
Joomla
12%
Parrot
12%
No matching quizzes found
Score Distribution
Percent of People with Each Score
Percentile by Number Answered
Your Score History
You have not taken this quiz